[Event "Wattens op 15th"]
[Site "Wattens"]
[Date "2000.09.03"]
[Round "9"]
[White "Palaver, Stefan"]
[Black "Michel, Jan"]
[Result "0-1"]
[WhiteElo "1385"]
[BlackElo "1455"]
[PlyCount "36"]
[EventDate "2000.08.26"]
[EventType "swiss"]
[EventRounds "9"]
[EventCountry "AUT"]
[SourceTitle "EXT 2001"]
[Source "ChessBase"]
[SourceDate "2000.11.22"]
[SourceVersion "1"]
[SourceVersionDate "2000.11.22"]
[SourceQuality "1"]

1. c4 Nf6 2. Nc3 e5 3. d3 Bc5 4. Bg5 Bxf2+ 5. Kxf2 Ng4+ 6. Ke1 Qxg5 7. Nf3 Qd8 8. h3 Ne3 9. Qd2 Nxf1 10. Rxf1 Nc6 11. Qe3 d6 12. Nd5 0-0 13. Rb1 Be6 14. b4 Bxd5 15. cxd5 Ne7 16. Qe4 b5 17. Rf2 Ng6 18. h4 f5 0-1

[Event "Wattens op 15th"]
[Site "Wattens"]
[Date "2000.08.29"]
[Round "4"]
[White "Palaver, Stefan"]
[Black "Sachsenhofer, Wolfgang"]
[Result "0-1"]
[WhiteElo "1385"]
[BlackElo "1821"]
[PlyCount "42"]
[EventDate "2000.08.26"]
[EventType "swiss"]
[EventRounds "9"]
[EventCountry "AUT"]
[SourceTitle "EXT 2001"]
[Source "ChessBase"]
[SourceDate "2000.11.22"]
[SourceVersion "1"]
[SourceVersionDate "2000.11.22"]
[SourceQuality "1"]

1. c4 f5 2. Nc3 Nf6 3. g3 g6 4. Bg2 Bg7 5. Nf3 0-0 6. 0-0 Nc6 7. d3 e5 8. Rb1 d6 9. b4 h6 10. b5 Ne7 11. Nd2 g5 12. e3 Qe8 13. Qe2 Rb8 14. a4 Ng6 15. a5 f4 16. Nde4 Nxe4 17. Nxe4 g4 18. b6 f3 19. Bxf3 gxf3 20. Qb2 Qd7 21. bxc7 Qh3 0-1